=LDR 00000nam 2200000 4500 =001 INLIS000000000054183 =005 20190927081555 =035 ##$$a 0010-0919000015 =007 ta =008 190927###########################0###### =082 ##$$a 616 van b =084 ##$$a 616 van b DR. b =100 #$$a dr.c.f.van duin =245 1#$$a buku penuntun ilmu resep =260 ##$$a djakarta :$b soeroengan =300 ##$$a 224 hlm. =990 ##$$a 14371437 =990 ##$$a 00093634